2000 years of christs power : The middle ages. 7th-15th century (Record no. 3725)
[ view plain ]
| 000 -LEADER | |
|---|---|
| fixed length control field | 00370nam a22001337a 4500 |
| 008 - FIXED-LENGTH DATA ELEMENTS--GENERAL INFORMATION | |
| fixed length control field | 250602b |||||||| |||| 00| 0 eng d |
| 020 ## - INTERNATIONAL STANDARD BOOK NUMBER | |
| ISBN | 9781781917794 |
| 100 ## - MAIN ENTRY--AUTHOR | |
| Author | Needeem NIck |
| 245 ## - TITLE STATEMENT | |
| Title | 2000 years of christs power : The middle ages. 7th-15th century |
| 260 ## - PUBLICATION, DISTRIBUTION, ETC. (IMPRINT) | |
| Place of publication | UK |
| Name of publisher | Christian focus publication |
| Date of publication | 2016 |
| 300 ## - COLLATION | |
| Pagination | 499p |
| 942 ## - ADDED ENTRY ELEMENTS (KOHA) | |
| Item type | Books |
| 050 ## - LIBRARY OF CONGRESS CALL NUMBER | |
| Classification number | B 67 |
| Item number | .N44 |
| Source of classification or shelving scheme | Not for loan | Permanent location | Current location | Date acquired | Accession No. | Full call number | Barcode. | Koha item type |
|---|---|---|---|---|---|---|---|---|
| Library of Congress Classification | Samuel Ogbemudia Main Library, University of Abuja | Samuel Ogbemudia Main Library, University of Abuja | 06/02/2025 | 2025/64838 | BR 67 .N44 | 2025-2285 | Books |